La complejidad y la formacin̤ en administracin̤: aproximaciones a una nueva visin̤ de la ciencia

Detalles Bibliográficos
Autor principal: Cabrera Martn̕ez, Alejandra Mara̕
Otros Autores: Hernǹdez Martn̕ez, Andrš Guillermo
Formato: Libro
Lenguaje:español
Publicado: Colombia Editorial Universidad de Rosario (Colombia) 2011
Materias:
Acceso en línea:Acceso restringido

MARC

LEADER 00000nam a22000007a 4500
005 20151217102634.0
007 cr|||| ||u|
008 151217s2011 ck ||||| |||| 00||0 spa d
020 |a 958-738-233-1 
035 |a 12973 
040 |a vLex 
090 |c 5743  |d 5743 
100 1 |a Cabrera Martn̕ez, Alejandra Mara̕ 
245 1 3 |a La complejidad y la formacin̤ en administracin̤: aproximaciones a una nueva visin̤ de la ciencia  |h [Recurso electrn̤ico] /  |c Alejandra Mara̕ Cabrera Martn̕ez  
256 |a Servicio en ln̕ea  
260 |a Colombia   |b Editorial Universidad de Rosario (Colombia)  |c 2011 
300 |a 1 recurso electrn̤ico (170 Pg̀inas.) 
506 1 |a Contenido solo disponible en los productos indicados  |d vLex Global  |d vLex Global (Academic Edition, excluding Law Schools)  |d vLex Global (U.S. Academic Edition, Law Schools)  |d vLex Global (U.S. Academic Edition, excluding Law Schools)  |d vLex Global (Academic Edition, Law Schools) 
650 0 4 |a Administracin̤  |z Colombia 
700 1 |a Hernǹdez Martn̕ez, Andrš Guillermo  
740 0 |a vLex libros (servicio en ln̕ea) 
856 4 0 |u http://vlex.com/source/complejidad-formacion-administracion-aproximaciones-nueva-vision-ciencia-12973  |z Acceso restringido  
942 |c BOOK 
999 0 |a Management